Taylor Swift - Couleurs dans les chansons - Statistiques

Statistiques générales
  • Ce quiz a été pris 506 fois
    72 depuis la dernière actualisation
  • Le résultat moyen est 11 sur 14
Statistiques - réponses
Hint Réponse % Correct
Couleurs Rouge (Red/Scarlet/Cherry) dans "All Too Well", "Blank Space", "Daylight", "End Game", "I Did Something Bad", "Is It Over Now?", "Look What You Made Me Do", "Love Story", "New Romantics", "Nothing New", "Now That We Don’t Talk", "Only The Young", "Red", "Style", "The Great War", "The Lakes", "The Moment I Knew" et "Wildest Dreams"
100%
Couleurs Bleu (Blue/Sapphire/Teal/Aquamarine) dans Afterglow, "All Too Well", "A Place In This World", "Bejeweled", "Cardigan", "Carolina", "Christmas Tree Farm", "Coney Island", "Crazier", "Cruel Summer", "Dancing With Our Hands Tied", "Dear John", "Delicate", "Everything Has Changed", "Fresh out the Slammer", "Gorgeous", "Guilty as Sin?", "Hits Different", "Hoax", "I Heart ?", "I Knew It, I Knew You", "Invisible String", "Is It Over Now?", "London Boy"," Lover", "Miss Americana And The Heartbreak Prince", "Paper Rings", "Peace", "Red", "Ronan", "Run", “Slut!”, "Starlight", "Tim McGraw", et "This Love"
95%
Couleurs Noir (Black) dans "Clean", "Daylight", "Delicate", "Dress", "Getaway Car", "I Heart ?, "loml", "Out of the Woods", "So It Goes", "Tim McGraw", "The Black Dog", "The Lucky One", "The Other Side Of the Door", "Timeless" et "Wood"
95%
Couleurs Blanc (White/Opal) dans "Daylight", "Elizabeth Taylor", "Getaway Car", "Honey", "Is It Over Now?", "Ivy", "Karma" (ft. Ice Spice), "loml", "Love Story", "Out of the Woods", "Right Where You Left Me", "So Long, London", "Speak Now", "Style", "The Best Day", "The Other Side Of the Door", "Timeless", "White Christmas et "White Horse"
94%
Couleurs Orange (Orange/Amber/Tangerine) dans "Marjorie", "Soon You’ll Get Better" et “Slut!”
94%
Couleurs Violet (Purple/Lavender/Violet/Lilac) dans "Afterglow", "Eldest Daughter", "Elizabeth Taylor", "Invisible String", "Lavender Haze", "imgonnagetyouback", "The Great War"
94%
Couleurs Rose (Pink/Rose/Rosy) dans "Gold Rush", "Honey", "I Look in People’s Windows", "Invisible String", "It’s Nice To Have A Friend", “Slut!” et "Wildest Dreams"
92%
Couleurs Vert (Green) dans "Champagne Problems", "Everything Has Changed", "Happiness", "Holy Ground", "I Know Places", "Invisible String", "Snow On The Beach", "Sparks Fly", "The Last Great American Dynasty" et "Wonderland"
92%
Couleurs Gris (Grey) dans "But Daddy I Love Him", "Bye Bye Baby", "Cold As You", "Coney Island", "Evermore", "Fresh out the Slammer", "Getaway Car", "Gold Rush", "imgonnagetyouback", "London Boy", "Red", "Ronan", "Ruin The Friendship", "So It Goes", "Today Was A Fairytale", "Timeless" et "You’re Losing Me"
81%
Couleurs Bordeau (Burgundy/Maroon) dans "Dear John", "Maroon" et "Chloe or Sam or Sophia or Marcus"
70%
Couleurs Marron (Brown) dans "Father Figure" et "Superman"
70%
Couleurs Doré (Gold/Golden) dans "Castles Crumbling", "Christmas Must Be Something More", "Coney Island", "Daylight", "Dress", "Dancing With Our Hands Tied", "End Game", "Father Figure", "gold rush", "I Look in People’s Windows", "Invisible String", "Long Story Short", "So It Goes", "State Of Grace", "Tied Together With A Smile" et "The Best Day"
60%
Couleurs Argent (Silver) dans "I Bet You Think About Me"
57%
Couleurs Greige dans "The Prophecy"
11%
Aucun quiz correspondant
Distribution des résultats
% des personnes avec chaque résultat
Percentile par nombre de réponses
Votre historique - résultats
Vous n’avez pas pris ce quiz depuis la dernière actualisation